Detection of drought responsive genes in Hevea brasiliensis using microarray hybridization technique (Record no. 49624)

MARC details
000 -LEADER
fixed length control field 00786nam a2200229Ia 4500
100 ## - MAIN ENTRY--AUTHOR NAME
Personal name Thomas M.
245 #0 - TITLE STATEMENT
Title Detection of drought responsive genes in Hevea brasiliensis using microarray hybridization technique
260 ## - PUBLICATION, DISTRIBUTION, ETC. (IMPRINT)
Name of publisher International Conference on New Horizons in Biotechnology and 4th BRSI convention, 26-29 November 2007, BRSI and NIIST, Trivandrum, pp.218.
Year of publication 2007
650 ## - SUBJECT ADDED ENTRY--TOPICAL TERM
Topical Term CDNA array hybridization
650 ## - SUBJECT ADDED ENTRY--TOPICAL TERM
Topical Term Differential display RT-PCR
650 ## - SUBJECT ADDED ENTRY--TOPICAL TERM
Topical Term Differential gene expression
650 ## - SUBJECT ADDED ENTRY--TOPICAL TERM
Topical Term Drought tolerance
700 ## - ADDED ENTRY--PERSONAL NAME
Personal name Brigit G.
700 ## - ADDED ENTRY--PERSONAL NAME
Personal name Geetha N.
700 ## - ADDED ENTRY--PERSONAL NAME
Personal name Jacob J.
700 ## - ADDED ENTRY--PERSONAL NAME
Personal name Joseph J.
700 ## - ADDED ENTRY--PERSONAL NAME
Personal name Saha T.
700 ## - ADDED ENTRY--PERSONAL NAME
Personal name Sathik M.B.M.
700 ## - ADDED ENTRY--PERSONAL NAME
Personal name Schaeffner Anton
942 ## - ADDED ENTRY ELEMENTS (KOHA)
Koha item type Bibliography STAF
Holdings
Withdrawn status Lost status Damaged status Not for loan Home library Current library Shelving location Date acquired Koha item type
      Bibliography RRII Library RRII Library Crop physiology 19/02/2010 Bibliography STAF